Computer methods and programs in biomedicine (Record no. 1117)

000 -LEADER
fixed length control field 01843nam a22004577a 4500
001 - CONTROL NUMBER
control field 38840746
003 - CONTROL NUMBER IDENTIFIER
control field OCoLC
005 - DATE AND TIME OF LATEST TRANSACTION
control field 20241105175957.0
006 - FIXED-LENGTH DATA ELEMENTS--ADDITIONAL MATERIAL CHARACTERISTICS
fixed length control field m d
007 - PHYSICAL DESCRIPTION FIXED FIELD--GENERAL INFORMATION
fixed length control field cr mnu--------
008 - FIXED-LENGTH DATA ELEMENTS--GENERAL INFORMATION
fixed length control field 980324c19949999ne mx pss 0 0eng d
010 ## - LIBRARY OF CONGRESS CONTROL NUMBER
LC control number 2004233209
022 ## - INTERNATIONAL STANDARD SERIAL NUMBER
International Standard Serial Number 0169-2607
040 ## - CATALOGING SOURCE
Original cataloging agency OH1
Transcribing agency OH1
Modifying agency OCL
-- OCLCQ
-- GUA
-- OCLCQ
-- YYE
041 ## - LANGUAGE CODE
Language code of text/sound track or separate title eng
042 ## - AUTHENTICATION CODE
Authentication code lcd
049 ## - LOCAL HOLDINGS (OCLC)
Holding library YYEG
-- VZYM
082 ## - DEWEY DECIMAL CLASSIFICATION NUMBER
Classification number 61
Item number C-73
099 ## - LOCAL FREE-TEXT CALL NUMBER (OCLC)
Classification number INTERNET LINK
130 0# - MAIN ENTRY--UNIFORM TITLE
Uniform title Computer methods and programs in biomedicine (Online)
245 10 - TITLE STATEMENT
Title Computer methods and programs in biomedicine
Remainder of title / An International Journal Devoted to the Development, Implementation and Exchange of Computing Methodology and Software Systems in Biomedical Research and Medical Practice
Statement of responsibility, etc. Volume 44, No 3,4 pp. 141-270
260 ## - PUBLICATION, DISTRIBUTION, ETC.
Place of publication, distribution, etc. [Amsterdam] :
Name of publisher, distributor, etc. Elsevier.
Date of publication, distribution, etc. 1994
300 ## - PHYSICAL DESCRIPTION
Extent 129 p.
310 ## - CURRENT PUBLICATION FREQUENCY
Current publication frequency 9 issues yearly.
362 1# - DATES OF PUBLICATION AND/OR SEQUENTIAL DESIGNATION
Dates of publication and/or sequential designation Began with v. 20, issue 1 (May 1985).
500 ## - GENERAL NOTE
General note Description based on: Vol. 46, issue 1 (Jan. 1995); title from contents screen (ScienceDirect, viewed Feb. 10, 2004).
500 ## - GENERAL NOTE
General note Latest issue consulted: Vol. 73, issue 2 (Feb. 2004), viewed Feb. 10, 2004.
515 ## - NUMBERING PECULIARITIES NOTE
Numbering peculiarities note Some issues combined.
530 ## - ADDITIONAL PHYSICAL FORM AVAILABLE NOTE
Additional physical form available note Also issued in print.
538 ## - SYSTEM DETAILS NOTE
System details note Mode of access: World Wide Web.
550 ## - ISSUING BODY NOTE
Issuing body note "Affiliated to the British Medical Informatics Society," <2004->
650 #2 - SUBJECT ADDED ENTRY--TOPICAL TERM
Topical term or geographic name entry element Computers
Form subdivision Periodicals.
650 #0 - SUBJECT ADDED ENTRY--TOPICAL TERM
Topical term or geographic name entry element Medicine
9 (RLIN) 69
650 #2 - SUBJECT ADDED ENTRY--TOPICAL TERM
Topical term or geographic name entry element Medicine
Form subdivision Periodicals.
653 ## - INDEX TERM--UNCONTROLLED
Uncontrolled term მედიცინა
653 ## - INDEX TERM--UNCONTROLLED
Uncontrolled term სამედიცინო ჟურნალი
710 2# - ADDED ENTRY--CORPORATE NAME
Corporate name or jurisdiction name as entry element British Medical Informatics Society.
776 1# - ADDITIONAL PHYSICAL FORM ENTRY
Title Computer methods and programs in biomedicine
International Standard Serial Number 0169-2607
Record control number (DLC) 97641527
-- (OCoLC)12146309.
780 00 - PRECEDING ENTRY
Title Computer programs in biomedicine.
942 ## - ADDED ENTRY ELEMENTS (KOHA)
Source of classification or shelving scheme
Koha item type periodicals
Holdings
Withdrawn status Lost status Source of classification or shelving scheme Damaged status Not for loan Permanent location Current location Date acquired Inventory number Total Checkouts Full call number Barcode Date last seen Price effective from Koha item type
          Ken Walker International University Ken Walker International University 02/02/2021 2141   61 C-73 2141 02/02/2021 02/02/2021 periodicals

Powered by Koha